Statistiken für Liverpool Trivia

Klicken Sie hier um das Quiz zu spielen!

Allgemein

  • Dieses Quiz wurde 160 mal gespielt
  • Das Durchschnittsergebnis liegt bei 7 aus 15

Antwortstatistiken

FrageAntwort% Korrekt
Wie heißt die berühmteste Band aus Liverpool?die Beatles
98%
Welcher deutsche Trainer gewann 2019 mit Liverpool die Champions League?Jürgen Klopp
81%
Welche Stadt wurde durch die Eröffnung der weltweit
ersten Dampfbahnlinie 1830 mit Liverpool verbunden?
Manchester
81%
Welcher Premier-League-Klub spielt nebst Liverpool F.C. noch in der Stadt?Everton
54%
Über welche Straße Liverpools hat diese Band ein berühmtes Lied geschrieben?{Penny} Lane
53%
Wie heißt die Fußballhymne des Liverpool Football Clubs?You'll Never Walk Alone
53%
Welche Küstenstadt, bekannt für ihren Stahlfachwerkturm,
liegt etwa 50 km nördlich der Stadt?
{Black}pool
48%
Welche Großstadt liegt ca. 220 km westlich von Liverpool?Dublin
47%
Welches Ereignis in Irland ließ die Bevölkerungszahl
Liverpools in den 1840ern rapide ansteigen?
Große Irische Hungersnot
46%
Welcher Spieler war zwischen 2012 und 2014
Kapitän der englischen Fußball-Nationalmannschaft?
Steven Gerrard
44%
Zu welcher Grafschaft (county) gehört Liverpool?
Die Grafschaft wurde nach einem naheliegenden Fluss benannt.
{Mersey}side
38%
Wie werden Menschen aus Liverpool auch genannt?
(Hinweis: lokale Eintopfspezialität)
Liverpudlians | Scousers
20%
Welche britische Reederei war Eigentümerin der RMS Titanic?White Star Line
11%
Welches Wort folgt auf Stanley, Royal Albert, Canada oder Brocklebank?Dock
8%
Welcher englische König unterzeichnete eine Charta,
welche die Siedlung Liverpool im Jahr 1207 begründete?
Johann Ohneland
8%

Verteilung der Resultate

Perzentil nach korrekt beantworteten Fragen

Anzahl Personen mit jedem Resultat

Ihre Resultats-Entwicklung

Sie haben dieses Quiz noch nicht gespielt